Анализ процесса базирования заготовок, обрабатываемых дорнованием по схеме сжатия; Современные техника и технологии; Т. 1

Detalhes bibliográficos
Parent link:Современные техника и технологии: X Юбилейная международная научно-практическая конференция студентов, аспирантов и молодых ученых, посвященная 400-летию г. Томска, Томск, 29 марта - 2 апреля 2004 г./ Томский политехнический университет.— , 2004
Т. 1.— 2004.— С. 138-139
Autor principal: Скворцов В. Ф. Владимир Федорович
Outros Autores: Арляпов А. Ю. Алексей Юрьевич, Охотин И. С. Иван Сергеевич
Idioma:russo
Publicado em: 2004
Assuntos:
Formato: Capítulo de Livro
KOHA link:https://koha.lib.tpu.ru/cgi-bin/koha/opac-detail.pl?biblionumber=183182

MARC

LEADER 00000naa2a2200000 4500
001 183182
005 20251205105938.0
035 |a (RuTPU)RU\TPU\book\198562 
090 |a 183182 
100 |a 20100702d2004 k y0rusy50 ca 
101 0 |a rus 
102 |a RU 
200 1 |a Анализ процесса базирования заготовок, обрабатываемых дорнованием по схеме сжатия  |f В. Ф. Скворцов, А. Ю. Арляпов, И. С. Охотин 
320 |a Библиогр.: 3 назв. 
461 0 |0 (RuTPU)RU\TPU\book\66154  |t Современные техника и технологии  |o X Юбилейная международная научно-практическая конференция студентов, аспирантов и молодых ученых, посвященная 400-летию г. Томска, Томск, 29 марта - 2 апреля 2004 г.  |o труды  |f Томский политехнический университет  |d 2004 
463 0 |0 (RuTPU)RU\TPU\book\65882  |t Т. 1  |v С. 138-139  |d 2004 
610 1 |a базирование заготовок 
610 1 |a дорнование 
610 1 |a сжатие 
610 1 |a схемы 
610 1 |a уравнения 
610 1 |a труды учёных ТПУ 
700 1 |a Скворцов  |b В. Ф.  |c специалист в области машиностроения  |c доцент Томского политехнического университета, кандидат технических наук  |f 1947-  |g Владимир Федорович  |3 (RuTPU)RU\TPU\pers\25590 
701 1 |a Арляпов  |b А. Ю.  |c специалист в области машиностроения  |c доцент Томского политехнического университета, кандидат технических наук  |f 1974-  |g Алексей Юрьевич  |3 (RuTPU)RU\TPU\pers\25573 
701 1 |a Охотин  |b И. С.  |c специалист в области машиностроения  |c доцент Томского политехнического университета, кандидат технических наук  |f 1982-  |g Иван Сергеевич  |3 (RuTPU)RU\TPU\pers\25585 
801 1 |a RU  |b 63413507  |c 20100702 
801 2 |a RU  |b 63413507  |c 20140329  |g RCR 
942 |c BK